Ausfahrten der Bundesautobahn 61 - Statistiken

Allgemein
  • Dieses Quiz wurde 24 mal gespielt
  • Das Durchschnittsergebnis liegt bei 19 aus 66
Antwortstatistiken
Nummer Ausfahrt % Korrekt
37 Kreuz Koblenz
83%
9 Kreuz Mönchengladbach
78%
60 Kreuz Ludwigshafen
61%
63 Speyer
56%
58 Worms
56%
57 Worms / Mörstadt
56%
65 Dreieck Hockenheim
50%
31 Dreieck Sinzig
50%
51 Bad Kreuznach
44%
41 Boppard
44%
64 Hockenheim
44%
59 Kreuz Frankenthal
44%
7 Viersen
44%
55 Alzey
39%
49 Bingen-Mitte
39%
50 Dreieck Nahetal
39%
39 Koblenz - Dieblich
39%
54 Kreuz Alzey
39%
20 Kreuz Kerpen
39%
29 Kreuz Meckenheim
39%
61 Kreuz Mutterstadt / Pfalzmarkt
39%
12 Mönchengladbach-Rheydt
39%
45 Rheinböllen
39%
46 Stromberg
39%
53 Bornheim
33%
47 Waldlaubersheim
33%
17 Bedburg
28%
18 Bergheim
28%
48 Dorsheim
28%
30 Dreieck Bad Neuenahr-Ahrweiler
28%
42 Emmelshausen
28%
52 Gau-Bickelheim
28%
56 Gundersheim
28%
62 Schifferstadt
28%
16 Jackerath / Dreieck Jackerath
22%
2 Kaldenkirchen
22%
38 Koblenz-Metternich
22%
34 Mendig
22%
11 Mönchengladbach-Holt
22%
5 Nettetal
22%
15 Dreieck Mönchengladbach-Wanlo / Mönchengladbach-Wanlo
17%
24 Kreuz Bliesheim
17%
35 Kruft
17%
44 Laudert
17%
14 Mönchengladbach-Güdderath
17%
32 Niederzissen
17%
43 Pfalzfeld
17%
36 Plaidt
17%
28 Rheinbach
17%
26 Swisttal
17%
33 Wehr
17%
25 Weilerswist
17%
23 Dreieck Erfttal
11%
22 Gymnich
11%
40 Koblenz - Waldesch
11%
27 Miel
11%
10 Mönchengladbach-Nordpark
11%
13 Mönchengladbach-Wickrath
11%
21 Türnich
11%
19 Bergheim-Süd
6%
3 Kaldenkirchen-Süd
6%
8 Mackenstein
6%
6 Süchteln
6%
4 Breyell
0%
1a Grenzübergang Heidenebd
0%
1b Nettertal-West
0%
Keine übereinstimmenden Quizze gefunden
Verteilung der Resultate
Anzahl Personen mit jedem Resultat
Perzentil nach korrekt beantworteten Fragen
Ihre Resultats-Entwicklung
Sie haben dieses Quiz noch nicht gespielt